El Sector estatal en los países de orientación socialista /

Sábháilte in:
Sonraí bibleagrafaíochta
Príomhchruthaitheoir: Smiknov, Gleb
Formáid: Téacs
Clibeanna: Cuir clib leis
Níl clibeanna ann, Bí ar an gcéad duine le clib a chur leis an taifead seo!

MARC

LEADER 00000 a a2200000 04500
001 3167
003
040
100 |a Smiknov, Gleb  
245 |a El Sector estatal en los países de orientación socialista /  |c Gleb Smiknov  
773 |g número 2; páginas 154-163  
999 |c 26015  |d 26015